000 00437nam a2200181Ia 4500
003 LK-CoDNM
005 20231008143012.0
008 010623t1923 xxu||||| |||| 00| 1 eng d
040 _aLK-CoDNM
_dLK-CoDNM
_eLK-CoDNM
041 _aeng
080 _a50 E17
100 _aObeysekara,J.E.M.
245 _aThe Times of Ceylon Law Reports
260 _b?
_c1923
_c1924
300 _b27p., 24 cm
650 _aReport of Cases
942 _cBK
999 _c92020
_d92020